000 01429cam a22004094a 4500
001 8966
003 FISKH
005 20251111151456.0
008 010601s2002 nyua j 001 0 eng
010 _a 2001037212
020 _a0778706508
_qRLB
020 _a9780778706809
020 _a077870680X
_qpbk.
020 _a9780778706502
_q(RLB)
040 _aDLC
_cDLC
_dDLC
_beng
050 0 0 _aQL544.2
_b.K352 2002
082 0 0 _a595.78/9
_221
100 1 _aKalman, Bobbie.
245 1 4 _aThe life cycle of a butterfly /
_cBobbie Kalman ; illustrated by Margaret Amy Reiach.
260 _aNew York :
_bCrabtree,
_c2002.
300 _a32 pages :
_bcolor illustrations ;
_c25 cm
336 _atext
_btxt
_2rdacontent
337 _aunmediated
_bn
_2rdamedia
338 _avolume
_bnc
_2rdacarrier
490 1 _aThe life cycle series
500 _aIncludes index.
520 _aDescribes the various stages of a monarch butterfly's life, from egg to pupa to caterpillar to butterfly, as well as its migration and dangers that it faces.
650 0 _aButterflies
_xLife cycles
_vJuvenile literature.
650 1 _aMonarch butterfly.
650 1 _aButterflies.
650 1 _aCaterpillars.
655 7 _aLiterature.
_2lcgft
_0https://id.loc.gov/authorities/genreForms/gf2014026415
700 1 _aSalter, Margaret,
_eillustrtator
906 _a7
_bcbc
_corignew
_d1
_eocip
_f19
_gy-gencatlg
942 _2ddc
_cBK
_n0
999 _c8966
_d8966